000 01581nam a22004335c 4500
001 195830
003 SpMaBN
005 20250825062742.0
008 240721s2019 sp a | |||| 001 0bcat
015 _aMON19
017 _aGI 484-2019
_bOficina Depósito Legal Girona
020 _a9788417660239
035 _a(OCoLC)1202786059
035 _aa6730421
040 _aSpMaBN
_bspa
_cSpMaBN
_erda
080 _a929 Palau Ferré, Maties
080 _a75 Palau Ferré, Maties
100 _aMarco Palau, Francesc,
_d1989-
_4aut
_9237570
245 1 3 _aEl pintor que cremava els seus quadres /
_cFrancesc Marco-Palau amb pròleg de Màrius Serra
246 0 _iSubtítulo de la cubierta :
_aAssaig biogràfic de Maties Palau Ferré
250 _aPrimera edició: març de 2019
264 1 _aMaçanet de la Selva
_bEditorial Gregal,
_c[2019]
264 4 _c©2019
300 _a145 páginas
_bilustraciones (blanco y negro)
_c23 cm
336 _aTexto
_2rdacontent
337 _asin mediación
_2rdamedia
338 _avolumen
_2rdacarrier
490 0 _aTestimonis
504 _aBibliografía: páginas 141-144. Índice
600 1 4 _aPalau Ferré, Maties,
_d1921-2000
_9237571
655 0 _aBiografías
_9176647
852 _aES-MaACL
_bR. 152914
_cDEPOJ
_jN-8843
_hDonación: editorial
_xRústica con solapas
_zEn proceso
901 _a"ISBN"
901 _aMON20
942 _2udc
_cMONOGRAFIA
_n0
954 _iTatiana Alejandra de Castro Pérez
999 _c195830
_d195830